000 00237nam a2200121Ia 4500
100 _a#N/A
650 _aComputer/ IT
942 _cBK
654 _adatabase
245 _aBest of Database Solutions
260 _b#N/A
546 _aENGLISH
999 _c25266
_d25266